Sports Quiz

Random Sports or Football Quiz

English Football by Historic County Quiz Stats

 Plays Quiz not verified by Sporcle

Challenge
Share
Tweet
Embed
Score 0/39 Timer 08:00
0 Plays Today
Historic County Most successful club % Correct
CornwallN/A
100%
HuntingdonshireN/A
99.8%
RutlandN/A
99.8%
WestmorlandN/A
99.8%
LancashireManchester United
92.5%
DorsetN/A
92%
DerbyshireDerby County
86.6%
LeicestershireLeicester City
85.5%
NorthumberlandNewcastle United
85.2%
NottinghamshireNottingham Forest
83.7%
NorfolkNorwich City
83.5%
OxfordshireOxford United
82.1%
CambridgeshireCambridge United
81.5%
MiddlesexArsenal
81%
SuffolkIpswich Town
78.7%
HampshirePortsmouth
77.7%
WarwickshireAston Villa
77.2%
BerkshireReading
72.6%
YorkshireSheffield Wednesday
72.3%
DurhamSunderland
69.9%
Historic County Most successful club % Correct
NorthamptonshireNorthampton Town
69.9%
SussexBrighton & Hove Albion
68%
DevonPlymouth Argyle
67.2%
HerefordshireHereford United
63.1%
HertfordshireWatford
62.9%
BedfordshireLuton Town
60.7%
SomersetBristol City
60.4%
WiltshireSwindon Town
57.7%
EssexWest Ham United
55.6%
CumberlandCarlisle United
55.4%
StaffordshireWolverhampton Wanderers
53.6%
ShropshireShrewsbury Town
47.6%
LincolnshireGrimsby Town
44.2%
BuckinghamshireMilton Keynes Dons
43%
KentCharlton Athletic
36.2%
GloucestershireBristol Rovers
30.8%
SurreyWimbledon
30.1%
CheshireTranmere Rovers
29.4%
WorcestershireKidderminster Harriers
20.9%

You're not logged in!

Compare scores with friends on all Sporcle quizzes.
OR
Log In

You Might Also Like...

Show Comments

Extras

Top Quizzes Today


Score Distribution

Your Account Isn't Verified!

In order to create a playlist on Sporcle, you need to verify the email address you used during registration. Go to your Sporcle Settings to finish the process.

Report this User

Report this user for behavior that violates our Community Guidelines.

Details: